| 000 | 01223cam a2200241 4500 | ||
|---|---|---|---|
| 008 | 021212n2000 000 0 eng u | ||
| 020 | _a1899924434 | ||
| 035 | _a(Sirsi) u120762 | ||
| 041 | _aeng. | ||
| 050 | _a346.4104343 | ||
| 100 | _aRimmer, Steven | ||
| 245 | 2 | _aA straightforward guide to managing commercial property: business leases and tenancies; the landlord and tenants handbook | |
| 260 |
_aLondon _bStraightforward Publishing _c2000 |
||
| 300 |
_a123p. _c22cm. |
||
| 350 | _a9.99 | ||
| 490 | _aStraightforward Guides | ||
| 520 | _aAims to give a brief introduction to the effective management of business leases/tenancies of business premises. Takes a practical approach, avoiding technical jargon. Covers the nature of a lease and the way it is constucted, and moves on to discuss the nature of a business lease. Looks at rent reviews, maintenance, insurance, service charges, assigning a lease, repossession, dispute resolution and security of tenure for business tenants under the law. | ||
| 650 | _aBUSINESS LEASES | ||
| 650 | _aBUSINESS TENANCIES | ||
| 650 | _aPROPERTY-COMMERCIAL PROPERTY-COMMERCIAL PROPERTY MANAGEMENT | ||
| 690 | _aLANDLORD AND TENANT-BUSINESS TENANCIES | ||
| 942 | _n0 | ||
| 999 |
_c102562 _d102562 |
||